000 00458nam a2200181Ia 4500
001 3016
003 IN-NITTTR
005 20251114232940.0
008 251113s9999||||xx |||||||||||||| ||eng||
040 _beng
040 _cIN-NITTTR
041 _aeng
082 _a540 S16C
100 _aSienko, Michell J.
245 0 _aChemistry :
_b principles and properties. /
_cSienko, Michell J., Plane, Robert A.
700 _a Plane, Robert A.
942 _2ddc
_cBK
999 _c4902
_d4902